000 00957cam a22002531i 4500
003 SA-RiAUC
005 20251111073846.0
008 250930s1999 su g 000 0 ara c
020 _z617349960
040 _aSA-JeALM
_bara
_cSA-RiAUC
_erda
082 0 4 _a214.646704
_qSA-RiAUC
090 _a214.646704
_bس ل ط
100 1 _aالسلطان، صالح بن محمد
_eمؤلف.
245 1 2 _aالطيب وأثره في الأحكام /
_cإعداد صالح بن محمد السلطان.
250 _aالطبعة الأولى.
264 1 _aبريدة، السعودية :
_bدار أصداء المجتمع للنشر والتوزيع،
_c1999
300 _a311 صفحة ؛
_c24 سم
336 _aنص
_btxt
_2rdacontent
_3كتاب
337 _aبدون وسيط
_bn
_2rdamedia
338 _aمجلد
_bnc
_2rdacarrier
650 7 _aالزينة (فقه إسلامي)
_2aucsh
942 _2ddc
_cBOOK
_n0
949 _aSA-JeALM
_d250930
_uosman123
_n1
999 _c13166
_d13166